| 000 | 00825cam a2200157 4500500 | ||
|---|---|---|---|
| 005 | 20260111090634.0 | ||
| 041 | _afre | ||
| 042 | _adc | ||
| 100 | 1 | 0 |
_aVallin, Pierre _eauthor |
| 245 | 0 | 0 | _aGérard Noiriel, Penser avec, penser contre. Itinéraire d’un historien. Belin, 2003, 312 pages, 23 € |
| 260 | _c2003. | ||
| 500 | _a26 | ||
| 520 | _aRésuméPrendre en charge le « Dieu Sauvage », c’est ce que firent, avec des moyens différents, Gauguin et Van Gogh, Rimbaud et Claudel, Segalen et Saint-John Perse. Ces enfants hallucinés furent confrontés à la grande crise des rhétoriques occidentales et de la raison des terriens... | ||
| 786 | 0 | _nÉtudes | 399 | 10 | 2003-10-01 | p. 413s-430s | 0014-1941 | |
| 856 | 4 | 1 | _uhttps://shs.cairn.info/revue-etudes-2003-10-page-413s?lang=fr&redirect-ssocas=7080 |
| 999 |
_c1619298 _d1619298 |
||